MARC details
| 000 -CABECERA |
| campo de control de longitud fija |
02941nam a2200373 i 4500 |
| 001 - NÚMERO DE CONTROL |
| campo de control |
991061426318606706 |
| 003 - IDENTIFICADOR DEL NÚMERO DE CONTROL |
| campo de control |
ES-BaIT |
| 005 - FECHA Y HORA DE LA ÚLTIMA TRANSACCIÓN |
| campo de control |
20250722084032.0 |
| 008 - DATOS DE LONGITUD FIJA--INFORMACIÓN GENERAL |
| campo de control de longitud fija |
250701e202505 sp 000 d spa|c |
| 017 ## - NÚMERO DE COPYRIGHT O DE DEPÓSITO LEGAL |
| Número de copyright o de depósito legal |
DL M 10498-2025 |
| Agencia que asigna |
Oficina DL Madrid |
| 020 ## - NÚMERO INTERNACIONAL ESTÁNDAR DEL LIBRO |
| Número Internacional Estándar del Libro |
9788412965025 |
| 040 ## - FUENTE DE LA CATALOGACIÓN |
| Centro catalogador/agencia de origen |
ES-BaIT |
| Lengua de catalogación |
cat |
| Normas de descripción |
rda |
| Centro/agencia transcriptor |
ES-BaIT |
| 080 ## - NÚMERO DE LA CLASIFICACIÓN DECIMAL UNIVERSAL |
| Número de la Clasificación Decimal Universal |
821.134.2-2 |
| Subdivisión auxiliar común |
"20" |
| Identificador de la edición |
2004 |
| 080 ## - NÚMERO DE LA CLASIFICACIÓN DECIMAL UNIVERSAL |
| Número de la Clasificación Decimal Universal |
860-2"20" |
| 080 ## - NÚMERO DE LA CLASIFICACIÓN DECIMAL UNIVERSAL |
| Número de la Clasificación Decimal Universal |
613.88 |
| Subdivisión auxiliar común |
-055.1 |
| -- |
-055.3 |
| 100 1# - ENTRADA PRINCIPAL--NOMBRE DE PERSONA |
| Nombre de persona |
Martino, Emmanuel de |
| Término indicativo de función/relación |
autor |
| 9 (RLIN) |
166760 |
| 245 13 - MENCIÓN DE TÍTULO |
| Título |
El Gé / |
| Mención de responsabilidad, etc. |
una obra de teatro de Emma Demar. De chill : una guía para la prevención de riesgos y daños del chemsex / Iván Zaro |
| 250 ## - MENCIÓN DE EDICIÓN |
| Mención de edición |
Primera edición |
| 264 #1 - PRODUCCIÓN, PUBLICACIÓN, DISTRIBUCIÓN, FABRICACIÓN Y COPYRIGHT |
| Producción, publicación, distribución, fabricación y copyright |
Madrid : |
| Nombre del de productor, editor, distribuidor, fabricante |
Dos Bigotes, |
| Fecha de producción, publicación, distribución, fabricación o copyright |
mayo de 2025 |
| 300 ## - DESCRIPCIÓN FÍSICA |
| Extensión |
214 pàgines ; |
| Dimensiones |
21 cm |
| 336 ## - TIPO DE CONTENIDO |
| Término de tipo de contenido |
text |
| Código de tipo de contenido |
txt |
| Fuente |
rdacontent |
| 337 ## - TIPO DE MEDIO |
| Nombre/término del tipo de medio |
sense mediació |
| Código del tipo de medio |
n |
| Fuente |
rdamedia |
| 338 ## - TIPO DE SOPORTE |
| Nombre/término del tipo de soporte |
volum |
| Código del tipo de soporte |
nc |
| Fuente |
rdacarrier |
| 500 ## - NOTA GENERAL |
| Nota general |
Sense llista de personatges |
| 520 ## - SUMARIO, ETC. |
| Sumario, etc. |
"En la obra de teatro El Gé, Emma Demar nos abre las puertas de la casa de Paco, junto al que compartiremos una noche en la que el sexo, el deseo y la soledad se entremezclan bajo los efectos de las drogas. Entre las cuatro paredes de un piso de Madrid, convertido en pista de baile, refugio y campo de batalla, nuestro protagonista busca la conexión física y emocional con otros hombres a la vez que se enfrenta —entre presencias, ausencias, palabras y silencios— a sus propios fantasmas, mientras el chemsex se convierte en catalizador de una realidad marcada por los traumas del pasado. El Gé es un texto crudo y emocionante que nos atraviesa como comunidad. Un texto que no juzga, sino que muestra; no explica, sino que expone. Y deja al espectador —y ahora, al lector— sin la opción de mirar hacia otro lado. Sin la posibilidad de apartar la vista del reflejo que ofrece el espejo. En este mismo volumen encontrarás De Chill. Una guía para la reducción de riesgos y daños del chemsex de Iván Zaro, trabajador social, investigador y activista vinculado a temas de salud sexual, VIH y consumo de sustancias. A través de un enfoque riguroso y accesible, profundiza en las motivaciones que hay tras el chemsex, el papel de las apps de contacto, los efectos y peligros de las drogas más usadas, la responsabilidad compartida o la importancia de poner el consentimiento en el centro de las relaciones sexuales. Una obra que, lejos de romantizar el chemsex, nos advierte de sus consecuencias, al tiempo que rompe el silencio en torno a una práctica en la que el estigma convive con la necesidad de información." -- Contracoberta |
| 650 #0 - PUNTO DE ACCESO ADICIONAL DE MATERIA--TÉRMINO DE MATERIA |
| Término de materia o nombre geográfico como elemento de entrada |
Malalties de transmissió sexual |
| Subdivisión general |
Prevenció |
| Fuente del encabezamiento o término |
lemac |
| 9 (RLIN) |
166761 |
| 650 #0 - PUNTO DE ACCESO ADICIONAL DE MATERIA--TÉRMINO DE MATERIA |
| Término de materia o nombre geográfico como elemento de entrada |
Educació sexual per a gais |
| Fuente del encabezamiento o término |
lemac |
| 9 (RLIN) |
166762 |
| 650 #0 - PUNTO DE ACCESO ADICIONAL DE MATERIA--TÉRMINO DE MATERIA |
| Término de materia o nombre geográfico como elemento de entrada |
Gais |
| Subdivisión general |
Textos dramàtics |
| 9 (RLIN) |
160160 |
| 650 #0 - PUNTO DE ACCESO ADICIONAL DE MATERIA--TÉRMINO DE MATERIA |
| Término de materia o nombre geográfico como elemento de entrada |
Teatre didàctic. |
| Fuente del encabezamiento o término |
lemac |
| 9 (RLIN) |
166763 |
| 700 12 - ENTRADA AGREGADA--NOMBRE PERSONAL |
| Información de relación/Frase instructiva de referencia |
Contenidor de (obra): |
| Nombre de persona |
Zaro, Iván. |
| Título de la obra |
De chill |
| 9 (RLIN) |
166764 |
| 908 ## - COLOCAR PARÁMETRO DE COMANDO (RLIN) |
| Colocar parámetro de comando |
CDMAE |
| 940 ## - EQUIVALENCIA O REFERENCIA-CRUZADA--TÍTULO UNIFORME [OBSOLETO] [solamente CAN/MARC] |
| Título uniforme |
<a href="CVA7">CVA7</a> |
| 942 ## - ELEMENTOS DE ENTRADA AGREGADA (KOHA) |
| Fuente del sistema de clasificación o colocación |
Clasificación decimal universal |
| Tipo de ítem Koha |
Llibre |